000
00288nam a2200121Ia 4500
008
190216s9999||||xx |||||||||||||| ||und||
100
_a
Thirunelluor Karunakaran
245
0
_a
Megha Sandesham
260
_b
National Book Trust India
300
_a
46p
650
_a
Kavithkal
942
_c
BK
999
_c
24910
_d
24910